LDR 00713naa#a2200181#i#450# 001 EN\INFRA-M\bibl\123037 005 20260514074232.4 011 ## _a1998-1740 100 ## _a20260430b2026####ek#y0engy0150####ca 102 ## _aRU 200 1# _aStudents’ Information Literacy As a Prerequisite for Developing Their Functional Literacy _eJournal article 210 1# _aMoscow _cINFRA-M Academic Publishing LLC. _d2026 215 ## _a6 с. 608 ## _aJournal article _2local 675 ## _aУсвоение и закрепление выученного. Заметки. Письменные конспекты. Записи для памяти. 378.147.227 _z 700 #1 _aMoshnina _gR. Sh. 700 #1 _aKhilenko _gT. P. 856 4# _anaukaru.ru _u